000 01435cam a22003737a 4500
003 CHAP
005 20220817043920.0
008 031104d2001 mx r 00010 spa d
010 _a87878
011 _a88850
020 _a970720009X
035 _a99395
040 _cCHAP
090 _aFolleto 16699
110 2 _aMéxico. Presidencia de la República
245 1 0 _aDiscurso del Presidente de la República, Vicente Fox, durante la ceremonia que encabezó en honor a los marinos el 1 de junio de 2001, Veracruz, Ver.
_c/por Presidencia de la República
260 _aMéxico, D.F. :
_bPresidencia de la República. Coordinación General de Opinión Pública e Imágen,
_c2001.
300 _a9 p.
590 _aBATCH-UPD
_b10
_c20130110
_lUCH01
_h0139
590 _aBATCH-UPD
_b10
_c20130110
_lUCH01
_h0828
590 _aBATCH-UPD
_b10
_c20130409
_lUCH01
_h2137
590 _aBATCH-UPD
_b10
_c20130410
_lUCH01
_h0506
590 _aBATCH-UPD
_b10
_c20130914
_lUCH01
_h1759
590 _aBATCH-UPD
_b10
_c20161124
_lUCH01
_h1712
590 _aCONVERSION
_b10
_c20130109
_lUCH01
_h1349
650 1 4 _aMarina
_xMéxico.
_971374
650 1 4 _aMéxico
_xDiscursos, ensayos y conferencias.
_976740
650 1 4 _aPolítica económica
_zMéxico.
_990535
651 4 _aMéxico
_xPolítica y gobierno.
_976783
901 _aBK
905 _aAlejandra Carrasco M.
942 _cFOLL
949 _aFolleto 16699
_bBC
_cFOLL
_d33724002001728
_eTS1
_i99395
_sb
999 _c87878
_d87878